000 01256cam a2200241 a 4500
001 000015428
005 20200929164035.0
008 931118s1989 cu b 000 0 spa d
040 _aDO-SdBNP
_bspa
_cDLC
_dBNPHU
_dDLC
082 _a972.91
_bD869n
100 1 _aDuharte Jiménez, Rafael,
_d1947-
_934820
245 1 0 _aNacionalidad e historia /
_cRafael Duharte Jiménez ; edición Nancy Vázquez Vera ; prólogo Pedro Deschamps Chapeaux.
260 _aSantiago de Cuba :
_bEditorial Oriente,
_c1989.
300 _a119 p. ;
_c21 cm.
504 _aIncluye referencias bibliográficas (p. 115-119).
505 0 _aNacionalidad e historia -- Cuba bajo la sombra de la cruz -- Santiago visto por un pintor inglés del siglo XIX -- Rebeldía negra e independencia -- Carnaval y plantación -- Una aproximación al periódico santiaguero -- La bandera española -- El ascenso social del negro en el siglo XIX cubano -- La rebeldía esclava en la región oriental de Cuba (1533-1868).
650 4 _aSantiago de cuba (cuba)
_xHistoria
_934821
650 4 _aNegros
_zCuba
_xHistoria
_ySIGLO XIX
_934822
700 1 _aVázquez Vera, Nancy
_eed.
_934823
700 1 _aDeschamps Chapeaux, Pedro
_epról.
_934824
910 _aCatalogación por copia / LC
049 _aBNGR
999 _c14986
_d14986